005960000a22001930004500020001500000060000800015082001400023100002100037100002200058100002000080245007600100260002900176260000900205300000800214650004200222942000700264999001900271952011200290 a0029357500 a100 a371.2 ZAL aFlorio, David H. aSikorski, Linda A aZaltman, Gerald aDynamic educational change : models, strategies, tactics and management aNew York, The free press c1977 a364 aEducation/ strategies/ tatics/ models cBK c346898d346898 00104070aKAUCOAVbKAUCOAVd2014-05-02l0o371.2 ZALpKAU_COAV-16373r2014-05-02 00:00:00w2014-05-02yBK